Quyền bình đẳng trước pháp luật của công dân

保存先:
書誌詳細
第一著者: Ngô Văn Thâu
フォーマット: 図書
言語:Undetermined
出版事項: Hà Nội Pháp lý 1983
主題:
タグ: タグ追加
タグなし, このレコードへの初めてのタグを付けませんか!
Thư viện lưu trữ: Trung tâm Học liệu Trường Đại học Cần Thơ
LEADER 00531nam a2200169Ia 4500
001 CTU_5919
008 210402s9999 xx 000 0 und d
082 |a 342.085 
082 |b Th125 
100 |a Ngô Văn Thâu 
245 0 |a Quyền bình đẳng trước pháp luật của công dân 
245 0 |c Ngô Văn Thâu 
260 |a Hà Nội 
260 |b Pháp lý 
260 |c 1983 
650 |a civil rights,law - study and teaching - vietnam 
980 |a Trung tâm Học liệu Trường Đại học Cần Thơ